[Event "LSS ZN-2010-0-00959"]
[Site "LSS email"]
[Date "2010.03.14"]
[Round "?"]
[White "Fazekas, Reka"]
[Black "Gyongyosi, Peter Laszlo"]
[Result "1-0"]
[WhiteElo "800"]
[BlackElo "924"]
[PlyCount "87"]
[EventDate "2010.03.09"]
[EventType "match (corr)"]
[EventRounds "2"]
[EventCountry "GER"]
[SourceTitle "Corr 2013"]
[Source "ChessBase"]
[SourceDate "2012.11.12"]
[SourceVersion "1"]
[SourceVersionDate "2012.11.12"]
[SourceQuality "1"]

1. Nc3 e5 2. g3 Nc6 3. Bh3 Nf6 4. Nf3 g6 5. 0-0 Bg7 6. Re1 e4 7. Nh4 d5 8. Bg2 g5 9. e3 Bg4 10. f3 exf3 11. Nxf3 Qd7 12. d4 0-0-0 13. Qd2 h6 14. Ne5 Qe6 15. Nxc6 Qxc6 16. b3 Ne4 17. Nxe4 dxe4 18. Ba3 f5 19. c3 f4 20. exf4 Rhe8 21. fxg5 Kb8 22. h3 Bh5 23. g4 Bg6 24. gxh6 Bh8 25. Re3 Qa6 26. Bb4 Bh7 27. g5 Qb6 28. Rae1 Rg8 29. h4 Ka8 30. Bc5 Qc6 31. b4 b6 32. Be7 Rde8 33. Rxe4 Bxe4 34. Bxe4 Qxe4 35. Rxe4 Kb7 36. b5 Rc8 37. Qg2 Kb8 38. g6 a6 39. g7 Ka7 40. Re6 Rce8 41. Qc6 axb5 42. Qxc7+ Ka8 43. Rxb6 Rxe7 44. Ra6# 1-0